000 01448cam a22003737a 4500
003 CHAP
005 20230411181215.0
008 050914d1998 mx r 00110 spa d
010 _a90916
011 _a91888
020 _a9688428019
035 _a102451
040 _cCHAP
082 0 4 _a338.9
_bC32
100 0 0 _aCabrero Mendoza, Enrique
_ecoord.
_916717
245 1 4 _aLas políticas descentralizadoras en México (1983-1993) :
_blogros y desencantos
_c/coord. por Enrique Cabrero Mendoza
260 _aMéxico, D. F. :
_bCentro de Investigaciones y Docencia Económicas,
_c1998.
300 _a352 p.
490 4 _aLas ciencias sociales
590 _aBATCH-UPD
_b10
_c20130110
_lUCH01
_h0535
590 _aBATCH-UPD
_b10
_c20130410
_lUCH01
_h0216
590 _aBATCH-UPD
_b10
_c20130914
_lUCH01
_h0301
590 _aCONVERSION
_b10
_c20130109
_lUCH01
_h1350
650 1 4 _aAdministración pública
_zMéxico.
_9944
650 1 4 _aDescentralización.
_932114
650 1 4 _aPolítica económica
_zMéxico.
_990535
830 _aLas ciencias sociales. Segunda década (Miguel Ángel Porrúa)
_965003
901 _aBK
905 _aLilia
942 _cLIBRO
949 _a338.9 C32
_bBC
_cLIBRO
_d33724000957932
_eLIBRO
_gI.c/e
_h106874
_i102451
_sb
_t$110.00
949 _a338.9 C32
_bBC
_cLIBRO
_d33724000957999
_eLIBRO
_fc.2
_gI.c/e
_h106875
_i102451
_sb
_t$110.00
949 _a338.9 C32
_bBC
_cLIBRO
_d33724000958054
_eLIBRO
_fc.3
_gI.c/e
_h106876
_i102451
_sb
_t$110.00
999 _c90916
_d90916